Performance of rubber clones in Dooars area of West Bengal (Record no. 64776)

MARC details
000 -LEADER
fixed length control field 00485nam a2200157Ia 4500
100 ## - MAIN ENTRY--AUTHOR NAME
Personal name Das G
245 #0 - TITLE STATEMENT
Title Performance of rubber clones in Dooars area of West Bengal
260 ## - PUBLICATION, DISTRIBUTION, ETC. (IMPRINT)
Name of publisher Preprints of papers: International Natural Rubber Conference, 6-8 November 2005, Cochin, India, p.103-107.
650 ## - SUBJECT ADDED ENTRY--TOPICAL TERM
Topical Term Rubber clones
650 ## - SUBJECT ADDED ENTRY--TOPICAL TERM
Topical Term West Bengal
700 ## - ADDED ENTRY--PERSONAL NAME
Personal name Chaudhuri D
700 ## - ADDED ENTRY--PERSONAL NAME
Personal name Satisha G C
700 ## - ADDED ENTRY--PERSONAL NAME
Personal name Singh R
942 ## - ADDED ENTRY ELEMENTS (KOHA)
Koha item type Journals
Holdings
Withdrawn status Lost status Damaged status Not for loan Home library Current library Shelving location Date acquired Koha item type
      Journals RRII Library RRII Library Botany 17/12/2021 Journals